| Tag |
First Indicator |
Second Indicator |
Subfields |
| LEADER |
00000nam a2200000Ia 4500 |
| 001 |
in00004181925 |
| 005 |
20200807084417.0 |
| 006 |
m g d |
| 007 |
cr bn |||a|bb| |
| 008 |
050524s1616 enk o 000 0 eng d |
| 035 |
|
|
|a (OCoLC)60449163
|
| 040 |
|
|
|a EAE
|e dcrb
|c EAE
|
| 037 |
|
|
|a CL0036000073
|b ProQuest Information and Learning 300 N. Zeeb Rd., Ann Arbor, MI 48103-1553
|
| 090 |
|
|
|a TS1233
|b .O77
|
| 049 |
|
|
|a UMIA
|
| 245 |
0 |
4 |
|a The orthographiall declaration: :
|b containing, a briefe aduertisement of two new inventions, called, lineage and fortage, whereby writing-paper and parchment, are decently ruled and inlined, for to ingrosse or vpon, after a more dextrous and beneficiall manner, than is done or performed by the ordinary way of hand-ruling, with plummet, ruler, or brasse-pen. ; Examples satisfactorie for paper-books in quarto are annexed. Paper, parchment, and writing-bookes thus forted and inlined, are sold in the Kings Bench in Southwarke. ... Cum priuilegio..
|
| 260 |
|
|
|a [London :
|b publisher not identified],
|c 1616..
|
| 300 |
|
|
|a 1 online resource ([4] pages)
|
| 336 |
|
|
|a text
|b txt
|2 rdacontent
|
| 337 |
|
|
|a computer
|b c
|2 rdamedia
|
| 338 |
|
|
|a online resource
|b cr
|2 rdacarrier
|
| 500 |
|
|
|a Signature: [pi]⁴.
|
| 500 |
|
|
|a Advertising flier for printed forms and lined papers.
|
| 500 |
|
|
|a Reproduction of original in: Newberry Library.
|
| 510 |
4 |
|
|a STC (2nd edition)
|c 6455.5.
|
| 533 |
|
|
|a Electronic reproduction.
|b Ann Arbor, Mich. :
|c UMI,
|d 1999-
|f (Early English books online)
|n Digital version of: (Early English books, 1475-1640 ; 2183:6)
|7 s1999 miun s
|
| 650 |
|
0 |
|a Paper ruling
|v Early works to 1800.
|
| 650 |
|
0 |
|a Printing industry
|x Marketing
|v Early works to 1800.
|
| 650 |
|
0 |
|a Advertising fliers
|z England
|v Early works to 1800.
|
| 830 |
|
0 |
|a Early English books online.
|
| 856 |
4 |
0 |
|u http://proxy.library.tamu.edu/login?url=https://search.proquest.com/docview/2240929779
|z Connect to the full text of this electronic book
|t 0
|
| 999 |
f |
f |
|s 7f868e1d-fdfd-3211-95bc-cbf7df846e6a
|i 05789e56-b97c-3752-8dd3-ae4031830f5d
|t 0
|
| 952 |
f |
f |
|a Texas A&M University
|b College Station
|c Electronic Resources
|d Available Online
|t 0
|e TS1233 .O77
|h Library of Congress classification
|
| 998 |
f |
f |
|a TS1233 .O77
|t 0
|l Available Online
|